00565 2200193 4500001002100000005001500021035002000036245011800056100001900174250001700193300003200210700001900242700001700261260003500278082000800313084001400321020002200335650001400357INLIS00000000000077420241029083938 a0010-10240000671 aBuku Pengayaan Seri Pengetahuan Umum :bTeknologi dalam Masyarakat /cPipit Putriana, Diah Rahmatia, Santi Sanita0 aPipit Pitriana aCetakan ke-1 aiv, 44 hlm :bIlus ;c30 cm0 aDiah Rahmanita0 aSanti Sanita aJakarta :bGaneca exact,c2007 a600 a600 PIP b a978-979-571-407-1 4aTeknologi